01126nam a2200193Ia 4500001001100000003001000011008004100021040002500062041001300087100003100100245006300131250001100194260005100205300002700256500026000283501011400543520026000657650001500917L150-14454IT-CnALBA170116s9999||||xx |||||||||||||| ||und|| aIT-CnALBAcIT-CnALBA aITALIANO aVON HAYEK FRIEDRICH AUGUST 0aL'ORDINE SENSORIALE. FONDAMENTI DELLA PSICOLOGIA TEORICA.  a1a ed. aMILANObRUSCONI, EDITORE c1990 [1° Ed.:1990] a292 p. (prefazione: 5) aTRADUZIONE DALL'INGLESE DI LINA GALLINA. MONDO FENOMENICO E MONDO FISICO. LINEAMENTI DELLA TEORIA. SISTEMA NERVOSO E CLASSIFICAZIONE. SENSAZIONE E COMPORTAMENTO. LE EMOZIONI. ORDINE MENTALE. COSCIENZA E PENSIERO CONCETTUALE. CONSEGUENZE FILOSOFICHE. BIBLI aSocietà San Paolo EM - Piazza San Paolo, 14 - 12051 ALBA (CN) (non commercial uses only) ® Copyright 2017 aTRADUZIONE DALL'INGLESE DI LINA GALLINA. MONDO FENOMENICO E MONDO FISICO. LINEAMENTI DELLA TEORIA. SISTEMA NERVOSO E CLASSIFICAZIONE. SENSAZIONE E COMPORTAMENTO. LE EMOZIONI. ORDINE MENTALE. COSCIENZA E PENSIERO CONCETTUALE. CONSEGUENZE FILOSOFICHE. BIBLI aPSICOLOGIA